00266nam a22001097a 4500020001800000082001600018100002400034245005000058260002500108300001000133650001300143 a9789332555235 a629.895 SCH aRobert J. Schilling aFundamentals of robotics analysis and control aDelhibPearsonc2015 a425p. aRobotics